Self vulcanizable rubber blend based on neoprene and carboxylated nitrile rubber: Effect of blend ratio on miscibility and physical properties (Record no. 68582)

MARC details
000 -LEADER
fixed length control field 00498nam a2200145Ia 4500
100 ## - MAIN ENTRY--AUTHOR NAME
Personal name Mukhopadhyay Sujata
245 #0 - TITLE STATEMENT
Title Self vulcanizable rubber blend based on neoprene and carboxylated nitrile rubber: Effect of blend ratio on miscibility and physical properties
260 ## - PUBLICATION, DISTRIBUTION, ETC. (IMPRINT)
Name of publisher Journal of Applied Polymer Science
Year of publication 1991
300 ## - PHYSICAL DESCRIPTION
Number of Pages 2284-2293
650 ## - SUBJECT ADDED ENTRY--TOPICAL TERM
Topical Term Carboxylated nitrile rubber
650 ## - SUBJECT ADDED ENTRY--TOPICAL TERM
Topical Term Neorprene
700 ## - ADDED ENTRY--PERSONAL NAME
Personal name De S K
942 ## - ADDED ENTRY ELEMENTS (KOHA)
Koha item type Journals
Holdings
Withdrawn status Lost status Damaged status Not for loan Home library Current library Date acquired Serial Enumeration / chronology Koha item type
      Journals RRII Library RRII Library 17/12/2021 Volume 43, Issue 12 Journals